Reflexiones sobre la dinámica de las relaciones externas de América Latina y el Caribe

Uloženo v:
Podrobná bibliografie
Médium: Text
Témata:
Tagy: Přidat tag
Žádné tagy, Buďte první, kdo vytvoří štítek k tomuto záznamu!

MARC

LEADER 00000 a a2200000 04500
001 2549
003
040
245 |a Reflexiones sobre la dinámica de las relaciones externas de América Latina y el Caribe  
650 |a RELACIONES INTERNACIONALES  
650 |a COMERCIO INTERNACIONAL  
650 |a POLITICA GUBERNAMENTAL  
650 |a PARTICIPACION SOCIAL  
650 |a MEDIO AMBIENTE  
650 |a DESARROLLO ECONOMICO Y SOCIAL  
650 |a POLITICA ECONOMICA  
650 |a AJUSTE ESTRUCTURAL  
650 |a ORGANIZACIONES INTERGUBERNAMENTALES  
650 |a LIBERALIZACION DEL INTERCAMBIO  
650 |a I  
773 |g número 55; páginas 7-57  
999 |c 33712  |d 33712